00842nam a2200241 i 450000100060000000300090000600500170001500700030003200800410003502000180007610000280009424501110012226000340023330000220026749000370028950000120032650400200033870000250035883000450038385200330042899900170046195201220047827401ES-MaACL20230906153618.0t|030114s1982 sp ||||1| spa d a84-376-0370-61 aAttali, Jacques.92376814aLos tres mundos b: para una teoría de la postcrisis / cJacques Attali ; [traducción de Pilar Calvo]. aMadrid : bCátedra, c1982. a297 p. ; c21 cm.1 aColección Teorema. Serie mayor aIndice. aBibliografía.1 aCalvo, Pilar.9338600 aColección Teorema. Serie mayor9181110 aES-MaACLjL-10835 bR.108353 c27401d27401 00104070aATENEOMbATENEOMcDEPO2d2008-01-17eSCl0oL-10835p1028282r2023-02-23 00:00:00w2023-02-23yMONOGRAFIA